<?xml version="1.0" encoding="UTF-8"?>
<record
    xmlns:xsi="http://www.w3.org/2001/XMLSchema-instance"
    xsi:schemaLocation="http://www.loc.gov/MARC21/slim http://www.loc.gov/standards/marcxml/schema/MARC21slim.xsd"
    xmlns="http://www.loc.gov/MARC21/slim">

  <leader>04013nam a22005417a 4500</leader>
  <controlfield tag="005">20110202110446.0</controlfield>
  <controlfield tag="008">110202t        xxu||||| |||| 00| 0 eng d</controlfield>
  <datafield tag="010" ind1=" " ind2=" ">
    <subfield code="a">ENG-101986-101997</subfield>
  </datafield>
  <datafield tag="020" ind1=" " ind2=" ">
    <subfield code="a">9788184502282 (set of 12 vols.)</subfield>
    <subfield code="c">21000.00 (set of 12 vols.)</subfield>
  </datafield>
  <datafield tag="020" ind1=" " ind2=" ">
    <subfield code="a">9788184502169 (v.1)</subfield>
    <subfield code="c">1750.00 (v.1)</subfield>
  </datafield>
  <datafield tag="020" ind1=" " ind2=" ">
    <subfield code="a">9788184502176 (v.2)</subfield>
    <subfield code="c">1750.00 (v.2)</subfield>
  </datafield>
  <datafield tag="020" ind1=" " ind2=" ">
    <subfield code="a">9788184502183 (V.3) </subfield>
    <subfield code="c">1750.00 (V.3)</subfield>
  </datafield>
  <datafield tag="020" ind1=" " ind2=" ">
    <subfield code="a">9788184502190 (V.4)</subfield>
    <subfield code="c">1750.00 (V.4)</subfield>
  </datafield>
  <datafield tag="020" ind1=" " ind2=" ">
    <subfield code="a">9788184502206 (V.5)</subfield>
    <subfield code="c">1750.00  (V.5)</subfield>
  </datafield>
  <datafield tag="020" ind1=" " ind2=" ">
    <subfield code="a">9788184502213 (V.6)</subfield>
    <subfield code="c">1750.00 (V.6)</subfield>
  </datafield>
  <datafield tag="020" ind1=" " ind2=" ">
    <subfield code="a">9788184502213 (V.6)</subfield>
    <subfield code="c">1750.00  (V.6)</subfield>
  </datafield>
  <datafield tag="020" ind1=" " ind2=" ">
    <subfield code="a">9788184502220 (V.7) </subfield>
    <subfield code="c">1750.00 (V.7)</subfield>
  </datafield>
  <datafield tag="020" ind1=" " ind2=" ">
    <subfield code="a">9788184502237(v.8)</subfield>
    <subfield code="c">1750.00(v.8)</subfield>
  </datafield>
  <datafield tag="020" ind1=" " ind2=" ">
    <subfield code="a">9788184502244 (V.9)</subfield>
    <subfield code="c">1750.00 (V.9)</subfield>
  </datafield>
  <datafield tag="020" ind1=" " ind2=" ">
    <subfield code="a">9788184502251 (V.10)</subfield>
    <subfield code="c">1750.00 (V.10)</subfield>
  </datafield>
  <datafield tag="020" ind1=" " ind2=" ">
    <subfield code="a">9788184502268 (V.11)</subfield>
    <subfield code="c">1750.00 (V.11)</subfield>
  </datafield>
  <datafield tag="020" ind1=" " ind2=" ">
    <subfield code="a">9788184502275 (V.12)</subfield>
    <subfield code="c">1750.00 (V.12)</subfield>
  </datafield>
  <datafield tag="035" ind1=" " ind2=" ">
    <subfield code="a">EN-85519-85530</subfield>
  </datafield>
  <datafield tag="037" ind1=" " ind2=" ">
    <subfield code="b">DBAD/PUB</subfield>
  </datafield>
  <datafield tag="040" ind1=" " ind2=" ">
    <subfield code="a">dpl</subfield>
    <subfield code="b">Eng</subfield>
  </datafield>
  <datafield tag="082" ind1=" " ind2=" ">
    <subfield code="a">362.11068</subfield>
  </datafield>
  <datafield tag="100" ind1=" " ind2=" ">
    <subfield code="a">Goel, S.L.</subfield>
    <subfield code="9">25716</subfield>
  </datafield>
  <datafield tag="245" ind1=" " ind2=" ">
    <subfield code="a">Encyclopaedia of hospital management :</subfield>
    <subfield code="b">text and case studies /</subfield>
    <subfield code="c">by S. L. Goel [and] R. Kumar</subfield>
  </datafield>
  <datafield tag="260" ind1=" " ind2=" ">
    <subfield code="a">New Delhi</subfield>
    <subfield code="b">Deep and Deep Publications</subfield>
    <subfield code="c">2010</subfield>
  </datafield>
  <datafield tag="270" ind1=" " ind2=" ">
    <subfield code="a">F-159, Rajouri Garden</subfield>
    <subfield code="b">New Delhi</subfield>
    <subfield code="e">110027</subfield>
  </datafield>
  <datafield tag="300" ind1=" " ind2=" ">
    <subfield code="a">12V.(xiii,337p. ; xii,329p. ; x,355p. ; ix,288p. ; xii,306p. ;viii,316p.; x,329p.;xii,316p.;ix,297p.;ix,298p.;ix,305p.;x,385p.)</subfield>
    <subfield code="c">24cm (Hb)</subfield>
  </datafield>
  <datafield tag="500" ind1=" " ind2=" ">
    <subfield code="a">Includes index</subfield>
  </datafield>
  <datafield tag="505" ind1=" " ind2=" ">
    <subfield code="a">V.1-Governance of hospitals ; V.2-Professional and managerial reforms in hospitals ; V.3-Essential hospital services ; V.4-Auxliary hospital services ; V.5-Nursing services in hospitals; V.6-Emerging areas in hospital services;V.7-Medical tourism and hospital servicesV.8-Patient friendly hospitals;V.9-Patient safety in hospitals;V.10-Disaster victim's care in hospitals;V.11-Hospital extension services;V.12-Hospitals in community health care</subfield>
  </datafield>
  <datafield tag="700" ind1=" " ind2=" ">
    <subfield code="a">Kumar, R.</subfield>
    <subfield code="9">25717</subfield>
  </datafield>
  <datafield tag="942" ind1=" " ind2=" ">
    <subfield code="2">ddc</subfield>
    <subfield code="c">EN</subfield>
    <subfield code="h">362.11068</subfield>
    <subfield code="m">GOE</subfield>
  </datafield>
  <datafield tag="999" ind1=" " ind2=" ">
    <subfield code="c">50290</subfield>
    <subfield code="d">50290</subfield>
  </datafield>
  <datafield tag="952" ind1=" " ind2=" ">
    <subfield code="0">0</subfield>
    <subfield code="1">0</subfield>
    <subfield code="2">ddc</subfield>
    <subfield code="3">V.1</subfield>
    <subfield code="4">0</subfield>
    <subfield code="7">1</subfield>
    <subfield code="8">NFIC</subfield>
    <subfield code="a">DBAD</subfield>
    <subfield code="b">DBAD</subfield>
    <subfield code="d">2011-02-02</subfield>
    <subfield code="e">DBAD/PUB</subfield>
    <subfield code="g">1750.00</subfield>
    <subfield code="l">0</subfield>
    <subfield code="o">362.11068 GOE</subfield>
    <subfield code="p">EN-85519</subfield>
    <subfield code="r">2011-02-02 00:00:00</subfield>
    <subfield code="t">1</subfield>
    <subfield code="v">1750.00</subfield>
    <subfield code="w">2011-02-02</subfield>
    <subfield code="y">EN</subfield>
  </datafield>
  <datafield tag="952" ind1=" " ind2=" ">
    <subfield code="0">0</subfield>
    <subfield code="1">0</subfield>
    <subfield code="2">ddc</subfield>
    <subfield code="3">V.2</subfield>
    <subfield code="4">0</subfield>
    <subfield code="7">1</subfield>
    <subfield code="8">NFIC</subfield>
    <subfield code="a">DBAD</subfield>
    <subfield code="b">DBAD</subfield>
    <subfield code="d">2011-02-02</subfield>
    <subfield code="e">DBAD/PUB</subfield>
    <subfield code="g">1750.00</subfield>
    <subfield code="l">0</subfield>
    <subfield code="o">362.11068 GOE</subfield>
    <subfield code="p">EN-85520</subfield>
    <subfield code="r">2011-02-02 00:00:00</subfield>
    <subfield code="t">1</subfield>
    <subfield code="v">1750.00</subfield>
    <subfield code="w">2011-02-02</subfield>
    <subfield code="y">EN</subfield>
  </datafield>
  <datafield tag="952" ind1=" " ind2=" ">
    <subfield code="0">0</subfield>
    <subfield code="1">0</subfield>
    <subfield code="2">ddc</subfield>
    <subfield code="3">V.3</subfield>
    <subfield code="4">0</subfield>
    <subfield code="7">1</subfield>
    <subfield code="8">NFIC</subfield>
    <subfield code="a">DBAD</subfield>
    <subfield code="b">DBAD</subfield>
    <subfield code="d">2011-02-02</subfield>
    <subfield code="e">DBAD/PUB</subfield>
    <subfield code="g">1750.00</subfield>
    <subfield code="l">0</subfield>
    <subfield code="o">362.11068 GOE</subfield>
    <subfield code="p">EN-85521</subfield>
    <subfield code="r">2011-02-02 00:00:00</subfield>
    <subfield code="t">1</subfield>
    <subfield code="v">1750.00</subfield>
    <subfield code="w">2011-02-02</subfield>
    <subfield code="y">EN</subfield>
  </datafield>
  <datafield tag="952" ind1=" " ind2=" ">
    <subfield code="0">0</subfield>
    <subfield code="1">0</subfield>
    <subfield code="2">ddc</subfield>
    <subfield code="3">V.4</subfield>
    <subfield code="4">0</subfield>
    <subfield code="7">1</subfield>
    <subfield code="8">NFIC</subfield>
    <subfield code="a">DBAD</subfield>
    <subfield code="b">DBAD</subfield>
    <subfield code="d">2011-02-02</subfield>
    <subfield code="e">DBAD/PUB</subfield>
    <subfield code="g">1750.00</subfield>
    <subfield code="l">0</subfield>
    <subfield code="o">362.11068 GOE</subfield>
    <subfield code="p">EN-85522</subfield>
    <subfield code="r">2011-02-02 00:00:00</subfield>
    <subfield code="t">1</subfield>
    <subfield code="v">1750.00</subfield>
    <subfield code="w">2011-02-02</subfield>
    <subfield code="y">EN</subfield>
  </datafield>
  <datafield tag="952" ind1=" " ind2=" ">
    <subfield code="0">0</subfield>
    <subfield code="1">0</subfield>
    <subfield code="2">ddc</subfield>
    <subfield code="3">V.5</subfield>
    <subfield code="4">0</subfield>
    <subfield code="7">1</subfield>
    <subfield code="8">NFIC</subfield>
    <subfield code="a">DBAD</subfield>
    <subfield code="b">DBAD</subfield>
    <subfield code="d">2011-02-02</subfield>
    <subfield code="e">DBAD/PUB</subfield>
    <subfield code="g">1750.00</subfield>
    <subfield code="l">0</subfield>
    <subfield code="o">362.11068 GOE</subfield>
    <subfield code="p">EN-85523</subfield>
    <subfield code="r">2011-02-02 00:00:00</subfield>
    <subfield code="t">1</subfield>
    <subfield code="v">1750.00</subfield>
    <subfield code="w">2011-02-02</subfield>
    <subfield code="y">EN</subfield>
  </datafield>
  <datafield tag="952" ind1=" " ind2=" ">
    <subfield code="0">0</subfield>
    <subfield code="1">0</subfield>
    <subfield code="2">ddc</subfield>
    <subfield code="3">V.6</subfield>
    <subfield code="4">0</subfield>
    <subfield code="7">1</subfield>
    <subfield code="8">NFIC</subfield>
    <subfield code="a">DBAD</subfield>
    <subfield code="b">DBAD</subfield>
    <subfield code="d">2011-02-02</subfield>
    <subfield code="e">DBAD/PUB</subfield>
    <subfield code="g">1750.00</subfield>
    <subfield code="l">0</subfield>
    <subfield code="o">362.11068 GOE</subfield>
    <subfield code="p">EN-85524</subfield>
    <subfield code="r">2011-02-02 00:00:00</subfield>
    <subfield code="t">1</subfield>
    <subfield code="v">1750.00</subfield>
    <subfield code="w">2011-02-02</subfield>
    <subfield code="y">EN</subfield>
  </datafield>
  <datafield tag="952" ind1=" " ind2=" ">
    <subfield code="0">0</subfield>
    <subfield code="1">0</subfield>
    <subfield code="2">ddc</subfield>
    <subfield code="3">V.7</subfield>
    <subfield code="4">0</subfield>
    <subfield code="7">1</subfield>
    <subfield code="8">NFIC</subfield>
    <subfield code="a">DBAD</subfield>
    <subfield code="b">DBAD</subfield>
    <subfield code="d">2011-02-02</subfield>
    <subfield code="e">DBAD/PUB</subfield>
    <subfield code="g">1750.00</subfield>
    <subfield code="l">0</subfield>
    <subfield code="o">362.11068 GOE</subfield>
    <subfield code="p">EN-85525</subfield>
    <subfield code="r">2011-02-02 00:00:00</subfield>
    <subfield code="t">1</subfield>
    <subfield code="v">1750.00</subfield>
    <subfield code="w">2011-02-02</subfield>
    <subfield code="y">EN</subfield>
  </datafield>
  <datafield tag="952" ind1=" " ind2=" ">
    <subfield code="0">0</subfield>
    <subfield code="1">0</subfield>
    <subfield code="2">ddc</subfield>
    <subfield code="3">V.8</subfield>
    <subfield code="4">0</subfield>
    <subfield code="7">1</subfield>
    <subfield code="8">NFIC</subfield>
    <subfield code="a">DBAD</subfield>
    <subfield code="b">DBAD</subfield>
    <subfield code="d">2011-02-02</subfield>
    <subfield code="e">DBAD/PUB</subfield>
    <subfield code="g">1750.00</subfield>
    <subfield code="l">0</subfield>
    <subfield code="o">362.11068 GOE</subfield>
    <subfield code="p">EN-85526</subfield>
    <subfield code="r">2011-02-02 00:00:00</subfield>
    <subfield code="t">1</subfield>
    <subfield code="v">1750.00</subfield>
    <subfield code="w">2011-02-02</subfield>
    <subfield code="y">EN</subfield>
  </datafield>
  <datafield tag="952" ind1=" " ind2=" ">
    <subfield code="0">0</subfield>
    <subfield code="1">0</subfield>
    <subfield code="2">ddc</subfield>
    <subfield code="3">V.9</subfield>
    <subfield code="4">0</subfield>
    <subfield code="7">1</subfield>
    <subfield code="8">NFIC</subfield>
    <subfield code="a">DBAD</subfield>
    <subfield code="b">DBAD</subfield>
    <subfield code="d">2011-02-02</subfield>
    <subfield code="e">DBAD/PUB</subfield>
    <subfield code="g">1750.00</subfield>
    <subfield code="l">0</subfield>
    <subfield code="o">362.11068 GOE</subfield>
    <subfield code="p">EN-85527</subfield>
    <subfield code="r">2011-02-02 00:00:00</subfield>
    <subfield code="t">1</subfield>
    <subfield code="v">1750.00</subfield>
    <subfield code="w">2011-02-02</subfield>
    <subfield code="y">EN</subfield>
  </datafield>
  <datafield tag="952" ind1=" " ind2=" ">
    <subfield code="0">0</subfield>
    <subfield code="1">0</subfield>
    <subfield code="2">ddc</subfield>
    <subfield code="3">V.10</subfield>
    <subfield code="4">0</subfield>
    <subfield code="7">1</subfield>
    <subfield code="8">NFIC</subfield>
    <subfield code="a">DBAD</subfield>
    <subfield code="b">DBAD</subfield>
    <subfield code="d">2011-02-02</subfield>
    <subfield code="e">DBAD/PUB</subfield>
    <subfield code="g">1750.00</subfield>
    <subfield code="l">0</subfield>
    <subfield code="o">362.11068 GOE</subfield>
    <subfield code="p">EN-85528</subfield>
    <subfield code="r">2011-02-02 00:00:00</subfield>
    <subfield code="t">1</subfield>
    <subfield code="v">1750.00</subfield>
    <subfield code="w">2011-02-02</subfield>
    <subfield code="y">EN</subfield>
  </datafield>
  <datafield tag="952" ind1=" " ind2=" ">
    <subfield code="0">0</subfield>
    <subfield code="1">0</subfield>
    <subfield code="2">ddc</subfield>
    <subfield code="3">V.11</subfield>
    <subfield code="4">0</subfield>
    <subfield code="7">1</subfield>
    <subfield code="8">NFIC</subfield>
    <subfield code="a">DBAD</subfield>
    <subfield code="b">DBAD</subfield>
    <subfield code="d">2011-02-02</subfield>
    <subfield code="e">DBAD/PUB</subfield>
    <subfield code="g">1750.00</subfield>
    <subfield code="l">0</subfield>
    <subfield code="o">362.11068 GOE</subfield>
    <subfield code="p">EN-85529</subfield>
    <subfield code="r">2011-02-02 00:00:00</subfield>
    <subfield code="t">1</subfield>
    <subfield code="v">1750.00</subfield>
    <subfield code="w">2011-02-02</subfield>
    <subfield code="y">EN</subfield>
  </datafield>
  <datafield tag="952" ind1=" " ind2=" ">
    <subfield code="0">0</subfield>
    <subfield code="1">0</subfield>
    <subfield code="2">ddc</subfield>
    <subfield code="3">V.12</subfield>
    <subfield code="4">0</subfield>
    <subfield code="7">1</subfield>
    <subfield code="8">NFIC</subfield>
    <subfield code="a">DBAD</subfield>
    <subfield code="b">DBAD</subfield>
    <subfield code="d">2011-02-02</subfield>
    <subfield code="e">DBAD/PUB</subfield>
    <subfield code="g">1750.00</subfield>
    <subfield code="l">0</subfield>
    <subfield code="o">362.11068 GOE</subfield>
    <subfield code="p">EN-85530</subfield>
    <subfield code="r">2011-02-02 00:00:00</subfield>
    <subfield code="t">1</subfield>
    <subfield code="v">1750.00</subfield>
    <subfield code="w">2011-02-02</subfield>
    <subfield code="y">EN</subfield>
  </datafield>
</record>
